Statistics for NBA Players from UNLV

Click here to take the quiz!

General Stats

  • This quiz has been taken 5 times
  • The average score is 9 of 43

Answer Stats

PositionPlayerDraft Year% Correct
FLarry Johnson1991
100%
CJoel Anthony2007
80%
PGGreg Anthony1991
80%
SFDerrick Jones, Jr.2016
60%
GBryce Dejean-Jones2015
60%
PFAnthony Bennett2013
60%
SGSam Smith1977
60%
GRobert Smith1977
60%
GFAnthony Jones1986
60%
FEarl Evans1978
40%
FCSidney Green1983
40%
SFStacey Augmon1991
40%
SFEddie Owens1977
40%
CLewis Brown1977
40%
GMarcus Banks2003
20%
GMark Wade1987
20%
FEvric Gray1993
20%
SGIsaiah Rider1993
20%
CKeon Clark1998
20%
SFJackie Robinson1978
0%
PFLou Amundson2006
0%
PFChristian Wood2015
0%
FJerry Baskerville1975
0%
PFKhem Birch2014
0%
SFRashad Vaughn2015
0%
SGRickey Sobers1975
0%
CStephen Zimmerman2016
0%
GPatrick McCaw2016
0%
FShawn Marion1999
0%
FKebu Stewart1997
0%
PFLamar Odom1999
0%
SFTyrone Nesby1998
0%
GFReggie Theus1978
0%
SGDexter Boney1993
0%
CElmore Spencer1992
0%
PFLarry Moffett1977
0%
SFOdis Allison1971
0%
FGlen Gondrezick1977
0%
GFGerald Paddio1988
0%
PFArmen Gilliam1987
0%
GFDwayne Polee1986
0%
CBrett Vroman1978
0%
SFJohn Q. Trapp1968
0%

Score Distribution

Percentile by Number Answered

Percent of People with Each Score

Your Score History

You have not taken this quiz